| 000 | 00469nam a2200169Ia 4500 | ||
|---|---|---|---|
| 003 | GCL | ||
| 008 | 140319s9999 xx 000 0 eng d | ||
| 040 |
_aGCL / _cGCL |
||
| 082 | 0 | 4 |
_a746.92 _bM A |
| 100 | 1 | _aMILLER,PHYLLIS BELL | |
| 245 | 1 | 0 |
_aAUTOCAD FOR THE APPAREL INDUSTRY / _cMILLER,PHYLLIS BELL |
| 260 |
_a[S.N] : _bDELLE ARTI GRAFICHE FAVIA ، _c1994 |
||
| 300 | _a540 | ||
| 650 | 0 | 4 | _aCOSTUME DESIGNS - DATA PROCESSING |
| 650 | 0 | 4 | _aAUTOCAD |
| 942 |
_2ddc _cBK |
||
| 999 |
_c24394 _d24394 |
||